| 000 | 00568nam a2200169Ia 4500 | ||
|---|---|---|---|
| 008 | 150509s9999 xx 000 0 und d | ||
| 020 | _a0 471 65666 6 / 9812 53 082 7 | ||
| 082 | _a004 TUR | ||
| 100 | _aTurban, EfraimMcLean, EphraimWetherbe, James | ||
| 245 | _aInformation technology for management | ||
| 260 | _aHorboken, NJ: | ||
| 260 | _bJohn Wiley & Sons | ||
| 260 | _c2004 | ||
| 300 | _a1 v. (various pagings) : col. ill. ; 26 cm. | ||
| 500 | _aIncludes bibliographical references and index | ||
| 650 | _aManagement information systemsInformation technology | ||
| 999 |
_c3844 _d3844 |
||